000 00628nam a2200217Ii 4500
001 4329
003 CO-ViMGA
008 241108s9999||||xx |||||||||||||| ||und||
020 _a0201629321
040 _aCO-ViMGA
_bspa
_erda
_cCO-ViMGA
041 0 _aspa
082 0 4 _a547 M874
100 1 _aRobert Thornton Morrison
_951744
245 1 0 _aQuímica Orgánica
264 1 _a[Lugar de publicación no identificado] : Addison Wesley, 1990
300 _avolumen
336 _atext
_btxt
_2rdacontent
337 _aunmediated
_bn
_2rdamedia
338 _avolume
_bnc
_2rdacarrier
940 _aidficha_siabuc: 4234. -- ficha_no_siabuc:4329
999 _c46499
_d46499